<?xml version="1.0" encoding="UTF-8"?>
<record
    xmlns:xsi="http://www.w3.org/2001/XMLSchema-instance"
    xsi:schemaLocation="http://www.loc.gov/MARC21/slim http://www.loc.gov/standards/marcxml/schema/MARC21slim.xsd"
    xmlns="http://www.loc.gov/MARC21/slim">

  <leader>02990nam a2200469 u 4500</leader>
  <controlfield tag="001">4051</controlfield>
  <controlfield tag="005">20260428104438.0</controlfield>
  <controlfield tag="008">950831s1995                        spa  </controlfield>
  <datafield tag="035" ind1=" " ind2=" ">
    <subfield code="a">4051</subfield>
  </datafield>
  <datafield tag="035" ind1=" " ind2=" ">
    <subfield code="a">(OCoLC)778094092</subfield>
  </datafield>
  <datafield tag="040" ind1=" " ind2=" ">
    <subfield code="c">comduadb</subfield>
  </datafield>
  <datafield tag="041" ind1=" " ind2=" ">
    <subfield code="a">spa</subfield>
  </datafield>
  <datafield tag="082" ind1=" " ind2="4">
    <subfield code="a">808</subfield>
  </datafield>
  <datafield tag="100" ind1="1" ind2="0">
    <subfield code="a">Poe, Edgar Allan,</subfield>
    <subfield code="d">1809-1849</subfield>
    <subfield code="4">aut</subfield>
    <subfield code="0">(isni)0000000121354025</subfield>
    <subfield code="0">(viaf)60351476</subfield>
    <subfield code="e">aut</subfield>
    <subfield code="9">242178</subfield>
  </datafield>
  <datafield tag="245" ind1="1" ind2="0">
    <subfield code="a">Breve antolog&#xED;a de cuentos policiales</subfield>
  </datafield>
  <datafield tag="260" ind1=" " ind2=" ">
    <subfield code="a">Bogot&#xE1; :</subfield>
    <subfield code="b">Editorial Sudamericana,</subfield>
    <subfield code="c">1995.</subfield>
  </datafield>
  <datafield tag="300" ind1=" " ind2=" ">
    <subfield code="a">228 p&#xE1;ginas</subfield>
  </datafield>
  <datafield tag="505" ind1=" " ind2=" ">
    <subfield code="a">CONTENIDO : Los cr&#xED;menes de la calle Morgue / Edgar A. Poe. -- La Liga de los Cabezas Rojas / Arthur Conan Doyle. -- Nuevas aventuras del padre Brown / Conrado Nal&#xE9; Roxlo. -- La espada dormida / Manuel Peyrou. -- Las tres noches de Isa&#xED;as Bloom / Rodolfo Walsh. -- Los asesinos / Ernest Hemingway. -- Estar&#xE9; esperando / Raymond Chandler. -- Los amigos / Julio Cort&#xE1;zar. -- La espera / Jorge Luis Borges. -- Mandrake / Ruben Fonseca.</subfield>
  </datafield>
  <datafield tag="505" ind1="8" ind2="0">
    <subfield code="t">Nuevas aventuras del padre Brown</subfield>
  </datafield>
  <datafield tag="505" ind1="8" ind2="0">
    <subfield code="t">La espada dormida</subfield>
  </datafield>
  <datafield tag="505" ind1="8" ind2="0">
    <subfield code="t">Los asesinos</subfield>
  </datafield>
  <datafield tag="505" ind1="8" ind2="0">
    <subfield code="t">Estare esperando</subfield>
  </datafield>
  <datafield tag="505" ind1="8" ind2="0">
    <subfield code="t">Los amigos</subfield>
  </datafield>
  <datafield tag="505" ind1="8" ind2="0">
    <subfield code="t">Mandrake</subfield>
  </datafield>
  <datafield tag="505" ind1="8" ind2="0">
    <subfield code="t">La liga de los cabezas rojas</subfield>
  </datafield>
  <datafield tag="505" ind1="8" ind2="0">
    <subfield code="t">Las tres noches de Isaias Bloom</subfield>
  </datafield>
  <datafield tag="505" ind1="8" ind2="0">
    <subfield code="t">La espera</subfield>
  </datafield>
  <datafield tag="520" ind1="3" ind2=" ">
    <subfield code="a">RESUMEN: El delito es el motor que impulsa y encadena estas historias seg&#xFA;n dos vertientes: el relato de enigma, en el que un detective infalible resuelve un misterio, y el g&#xE9;nero negro, centrado en el contexto de cr&#xED;menes no siempre resueltos. Con Poe, recogemos el texto fundante que intensifica el misterio con un asesinato de 'cuarto cerrado', de la mano de Conan Doyle hace su aparici&#xF3;n el m&#xED;tico Sherlock Holmes; la reedici&#xF3;n rom&#xE1;ntica de un duelo en el siglo veinte configura la historia de Peyrou; la clarividencia de los sue&#xF1;os se comprueba en la narraci&#xF3;n de Walsh. Finalmente, Nale Roxlo reescribe un cl&#xE1;sico con humor. En la segunda parte, Chandler, Hemingway, Borges, Cort&#xE1;zar y Fonseca presentan la ilegalidad extendida como una red sutil m&#xE1;s all&#xE1; del submundo del crimen. Se congrega as&#xED; a los iniciadores de una tradici&#xF3;n literaria y a algunos de sus mayores exponentes en nuestro medio.</subfield>
  </datafield>
  <datafield tag="650" ind1=" " ind2="7">
    <subfield code="a">Cuentos polic&#xED;acos</subfield>
    <subfield code="2">embne</subfield>
    <subfield code="9">69905</subfield>
  </datafield>
  <datafield tag="650" ind1=" " ind2=" ">
    <subfield code="a">Cuentos de misterio</subfield>
    <subfield code="9">140914</subfield>
  </datafield>
  <datafield tag="650" ind1=" " ind2="7">
    <subfield code="a">Cuentos</subfield>
    <subfield code="2">lemb</subfield>
    <subfield code="9">41146</subfield>
  </datafield>
  <datafield tag="700" ind1="1" ind2="0">
    <subfield code="a">Doyle, Arthur Conan,</subfield>
    <subfield code="c">Sir,</subfield>
    <subfield code="d">1859-1930</subfield>
    <subfield code="4">aut</subfield>
    <subfield code="e">aut</subfield>
    <subfield code="9">305814</subfield>
  </datafield>
  <datafield tag="700" ind1="1" ind2="0">
    <subfield code="a">Nale Roxlo, Conrado</subfield>
    <subfield code="4">aut</subfield>
    <subfield code="e">aut</subfield>
    <subfield code="9">269827</subfield>
  </datafield>
  <datafield tag="700" ind1="1" ind2="0">
    <subfield code="a">Peyrou, Manuel</subfield>
    <subfield code="4">aut</subfield>
    <subfield code="e">aut</subfield>
    <subfield code="9">239060</subfield>
  </datafield>
  <datafield tag="700" ind1="1" ind2="0">
    <subfield code="a">Walsh, Rodolfo,</subfield>
    <subfield code="d">1927-1977</subfield>
    <subfield code="4">aut</subfield>
    <subfield code="e">aut</subfield>
    <subfield code="9">9318</subfield>
  </datafield>
  <datafield tag="700" ind1="1" ind2="0">
    <subfield code="a">Hemingway, Ernest,</subfield>
    <subfield code="d">1899-1961</subfield>
    <subfield code="4">aut</subfield>
    <subfield code="0">(isni)0000 0001 2144 5832</subfield>
    <subfield code="0">(viaf)97006051</subfield>
    <subfield code="e">aut</subfield>
    <subfield code="9">513878</subfield>
  </datafield>
  <datafield tag="700" ind1="1" ind2="0">
    <subfield code="a">Chandler, Raymond</subfield>
    <subfield code="4">aut</subfield>
    <subfield code="e">aut</subfield>
    <subfield code="9">239062</subfield>
  </datafield>
  <datafield tag="700" ind1="1" ind2="0">
    <subfield code="a">Cort&#xE1;zar, Julio,</subfield>
    <subfield code="d">1914-1984</subfield>
    <subfield code="4">aut</subfield>
    <subfield code="0">(isni)0000 0001 2120 8052</subfield>
    <subfield code="0">(viaf)12306822</subfield>
    <subfield code="e">aut</subfield>
    <subfield code="9">469264</subfield>
  </datafield>
  <datafield tag="700" ind1="1" ind2="0">
    <subfield code="a">Borge V., Jorge F.</subfield>
    <subfield code="4">aut</subfield>
    <subfield code="e">aut</subfield>
    <subfield code="9">320240</subfield>
  </datafield>
  <datafield tag="700" ind1="1" ind2="0">
    <subfield code="a">Fonseca, Rubem,</subfield>
    <subfield code="d">1925-2020</subfield>
    <subfield code="4">aut</subfield>
    <subfield code="e">aut</subfield>
    <subfield code="9">312247</subfield>
  </datafield>
  <datafield tag="942" ind1=" " ind2=" ">
    <subfield code="c">BOOK</subfield>
  </datafield>
  <datafield tag="999" ind1=" " ind2=" ">
    <subfield code="c">5142</subfield>
    <subfield code="d">5142</subfield>
  </datafield>
  <datafield tag="952" ind1=" " ind2=" ">
    <subfield code="0">0</subfield>
    <subfield code="1">0</subfield>
    <subfield code="4">0</subfield>
    <subfield code="7">0</subfield>
    <subfield code="8">COLIT</subfield>
    <subfield code="a">BC</subfield>
    <subfield code="b">BC</subfield>
    <subfield code="d">1998-04-21</subfield>
    <subfield code="e">Cooprudea</subfield>
    <subfield code="g">8910.00</subfield>
    <subfield code="i">C4890</subfield>
    <subfield code="l">3</subfield>
    <subfield code="o">808.83872 B846</subfield>
    <subfield code="p">61000001370028</subfield>
    <subfield code="r">2025-02-06 00:00:00</subfield>
    <subfield code="s">2024-11-07</subfield>
    <subfield code="t">1</subfield>
    <subfield code="w">2023-04-20</subfield>
    <subfield code="y">BOOK</subfield>
  </datafield>
  <datafield tag="952" ind1=" " ind2=" ">
    <subfield code="0">0</subfield>
    <subfield code="1">0</subfield>
    <subfield code="4">0</subfield>
    <subfield code="7">0</subfield>
    <subfield code="8">COLIT</subfield>
    <subfield code="a">BC</subfield>
    <subfield code="b">BC</subfield>
    <subfield code="d">1996-08-23</subfield>
    <subfield code="e">Cooprudea</subfield>
    <subfield code="g">8910.00</subfield>
    <subfield code="i">C4891</subfield>
    <subfield code="l">0</subfield>
    <subfield code="o">808.83872 B846 e2</subfield>
    <subfield code="p">61000003579584</subfield>
    <subfield code="r">2024-10-25 00:00:00</subfield>
    <subfield code="t">2</subfield>
    <subfield code="w">2023-04-20</subfield>
    <subfield code="y">BOOK</subfield>
  </datafield>
</record>
